|
|
|
|
| LEADER |
00000nab a2200000uu 4500 |
| 001 |
vtls011450678 |
| 003 |
SK-MaSNL |
| 005 |
20260303151309.0 |
| 008 |
230222|2002 xo |||||||||||||||||eng| |
| 015 |
|
|
|a SNBRB
|
| 035 |
|
|
|a (urnnbn)urn:nbn:sk:snk:ar-006jww
|
| 035 |
|
|
|a (uuid)06b4f2bf-499f-4c8b-bb5e-78e6d37bf79d
|
| 035 |
|
|
|a urn:nbn:sk:snk-abcmt9
|
| 040 |
|
|
|a SNKBUCL
|b slo
|c SNKBUCL
|e AACR2
|
| 041 |
0 |
|
|a eng
|
| 044 |
|
|
|a xo
|c SK
|
| 100 |
1 |
|
|a Dvurečenskij, Anatolij,
|d 1949-
|4 aut
|9 132179
|
| 245 |
1 |
0 |
|a PROF. RNDR. BELOSLAV RIEČAN, DRSC. SPIRITUS MATHEMATICUS SLOVAKIENSIS
|c Anatolij Dvurečenskij
|
| 773 |
0 |
|
|t Mathematica Slovaca
|g Roč. 52, č. 2 (2002), s. 243-245
|
| 958 |
|
|
|a OND
|
| 958 |
|
|
|a EUIPO
|
| 958 |
|
|
|a article16
|
| 999 |
|
|
|c 2016991
|d 2018921
|